Conservation contracts.

Bibliographic Details
Format: Government Document eBook
Language:English
Published: [Beltsville, Md.] : United States Department of Agriculture, Farm Service Agency, 2019.
Edition:[August 2019 edition].
Series:Fact sheet (United States. Farm Service Agency)
Subjects:
Online Access:https://purl.fdlp.gov/GPO/gpo126272

MARC

Tag First Indicator Second Indicator Subfields
LEADER 00000nam a2200000 i 4500
001 in00004084613
005 20191113092856.0
006 m o d f
007 cr |||||||||||
008 191004s2019 mdua o f000 0 eng c
035 |a (OCoLC)on1121630201 
042 |a pcc 
043 |a n-us--- 
040 |a GPO  |b eng  |e rda  |e pn  |c GPO  |d MvI 
049 |a WWW 
074 |a 0068-E-01 (online) 
086 0 |a A 112.15:C 76/3/2019 
245 0 0 |a Conservation contracts. 
250 |a [August 2019 edition]. 
264 1 |a [Beltsville, Md.] :  |b United States Department of Agriculture, Farm Service Agency,  |c 2019. 
300 |a 1 online resource (2 pages) :  |b one color illustration. 
336 |a text  |b txt  |2 rdacontent 
337 |a computer  |b c  |2 rdamedia 
338 |a online resource  |b cr  |2 rdacarrier 
490 1 |a Fact sheet 
500 |a "August 2019." 
588 |a Description based on online resource; title from PDF caption (FSA, viewed September 20, 2019). 
650 0 |a Agricultural conservation  |z United States. 
650 0 |a Conservation of natural resources  |z United States. 
650 0 |a Agricultural credit  |z United States. 
650 0 |a Agricultural subsidies  |z United States. 
710 1 |a United States.  |b Farm Service Agency,  |e issuing body. 
830 0 |a Fact sheet (United States. Farm Service Agency) 
856 4 0 |u https://purl.fdlp.gov/GPO/gpo126272  |t 0 
999 f f |s 90195322-b056-30d4-8ed3-e4e2681d5a75  |i cff9b0a9-a93c-367d-bfad-787be4f7b0c2  |t 0 
952 f f |a Texas A&M University  |b College Station  |c Electronic Resources  |d Available Online  |t 0  |e A 112.15:C 76/3/2019  |h Superintendent of Documents classification 
998 f f |a A 112.15:C 76/3/2019  |t 0  |l Available Online